| 000 | 00600nam a2200193 u 4500 | ||
|---|---|---|---|
| 005 | 20230110063531.0 | ||
| 008 | 100524s2007 r 000 0 eng d | ||
| 020 | _a9788478719556 | ||
| 035 | _aUPN01000176063 | ||
| 049 | _aCG | ||
| 050 | 4 |
_aQ164 _bH3.9 |
|
| 245 | 0 | 1 |
_a¿Hay algo que coma avispas? : _b100 preguntas idiotas y apasionantes sobre la ciencia / _ccomp. Mick O´hare. |
| 260 |
_aBarcelona, Esp. : _bRBA Libros, _c2007. |
||
| 300 | _a253 p. | ||
| 650 | 4 |
_aCIENCIA RECREATIVA _94153 |
|
| 650 | 2 |
_aCiencia _vLiteratura juvenil _96801 |
|
| 700 | 1 |
_aO´hare, Mick, _ecomp. |
|
| 905 | _aLibros | ||
| 999 |
_c148166 _d148166 |
||